Mathematics: A Complete Resource Manual M.Sc. Entrance Examination / (Record no. 215017)

MARC details
000 -LEADER
fixed length control field 00560nam a22001577a 4500
010 ## - LCCN (DPL NO)
LC control number BACEN26
020 ## - INTERNATIONAL STANDARD BOOK NUMBER
International Standard Book Number 9789366498362
Terms of availability 990.00
037 ## - SOURCE OF ACQUISITION
Source of stock number/acquisition Unique Publishers
082 ## - DEWEY DECIMAL CLASSIFICATION NUMBER
Classification number 500
100 ## - MAIN ENTRY--PERSONAL NAME
Personal name Gitanjali
245 ## - TITLE STATEMENT
Title Mathematics: A Complete Resource Manual M.Sc. Entrance Examination /
Statement of responsibility, etc by Gitanjali
260 ## - PUBLICATION, DISTRIBUTION, ETC. (IMPRINT)
Place of publication, distribution, etc New Delhi
Name of publisher, distributor, etc Unique Publishers
Date of publication, distribution, etc 2026
270 ## - ADDRESS
Address J-2/1, Block B-1, Mohan Cooperative Industrial Estate, Mathura Road
City New Delhi
Postal code 110044
Telephone number 011-41076666
300 ## - PHYSICAL DESCRIPTION
Extent 694p.
Dimensions 28cm(pb)
942 ## - ADDED ENTRY ELEMENTS (KOHA)
Source of classification or shelving scheme Dewey Decimal Classification
Item type English Books
Classification part 500
Call number suffix GIT

No items available.


© Delhi Public Library
Hit Counter
free hit counter